[Event "Druga liga CS - Zapad 2018"]
[Site "?"]
[Date "2018.10.04"]
[Round "6.5"]
[White "Mikluc, Davorin"]
[Black "Jovic, Branko"]
[Result "1/2-1/2"]
[WhiteElo "2154"]
[BlackElo "2031"]
[PlyCount "98"]
[EventDate "2018.09.07"]
[WhiteTeam "SMEDEREVSKI SK - Smederevo"]
[BlackTeam "TUTIN - Tutin"]

1. e4 c5 2. Nf3 e6 3. Nc3 Nc6 4. Be2 a6 5. a4 Qc7 6. O-O Nf6 7. Re1 Be7 8. Bf1
d6 9. d4 cxd4 10. Nxd4 O-O 11. Bg5 h6 12. Bh4 Bd7 13. Bg3 Rfd8 14. Nb3 Ne5 15.
Qe2 Rac8 16. Rad1 Nc4 17. Qxc4 Qxc4 18. Bxc4 Rxc4 19. Bxd6 Bxd6 20. Rxd6 e5 21.
f3 Rdc8 22. Red1 Bxa4 23. Rd8+ Rxd8 24. Rxd8+ Kh7 25. Na5 Rb4 26. b3 Bc6 27.
Kf2 Ng8 28. Nxc6 bxc6 29. Re8 c5 30. Rc8 c4 31. Rxc4 Rxc4 32. bxc4 Ne7 33. Na4
Nc6 34. Ke3 Kg6 35. c3 Kf6 36. Kd3 Ke7 37. Nc5 Nb8 38. Nb3 Nc6 39. c5 f6 40.
Nc1 Kd7 41. Kc4 Na5+ 42. Kb4 Nb7 43. h4 Kc6 44. Nd3 a5+ 45. Kc4 Nd8 46. h5 Ne6
47. g3 Ng5 48. Ne1 Ne6 49. Nd3 Ng5 1/2-1/2

[Event "Druga liga CS - Zapad 2018"]
[Site "?"]
[Date "2018.10.04"]
[Round "6.5"]
[White "Semsovic, Alija"]
[Black "Strakos, Dalibor"]
[Result "0-1"]
[WhiteElo "2063"]
[BlackElo "2193"]
[PlyCount "78"]
[EventDate "2018.09.07"]
[WhiteTeam "TUTIN - Tutin"]
[BlackTeam "SMEDEREVSKI SK - Smederevo"]

1. e4 c6 2. d4 d5 3. e5 Bf5 4. Bd3 Bxd3 5. Qxd3 e6 6. f4 Qa5+ 7. c3 Qa6 8. Qf3
g6 9. Ne2 c5 10. O-O Nc6 11. Nd2 h5 12. h3 cxd4 13. Nxd4 Bc5 14. N2b3 Bb6 15.
Rd1 Nge7 16. Be3 Rc8 17. Rd2 Na5 18. Nxa5 Qxa5 19. a4 Nf5 20. Nxf5 gxf5 21. Kh2
Rc4 22. b4 Qa6 23. Bxb6 Qxb6 24. Rd3 h4 25. Rg1 Qa6 26. a5 Rxf4 27. Qxf4 Qxd3
28. Re1 Kd7 29. Re3 Qd2 30. Qf3 Rg8 31. Re2 Qg5 32. Re3 f4 33. Rd3 Ke7 34. Rd4
Qg3+ 35. Qxg3 fxg3+ 36. Kg1 Rh8 37. c4 Rc8 38. c5 Rh8 39. Kf1 Rh5 0-1

[Event "Druga liga CS - Zapad 2018"]
[Site "?"]
[Date "2018.10.04"]
[Round "6.5"]
[White "Tomic, Slobodan"]
[Black "Dzaferovic, Dzafer"]
[Result "0-1"]
[WhiteElo "1964"]
[BlackElo "1883"]
[PlyCount "90"]
[EventDate "2018.09.07"]
[WhiteTeam "SMEDEREVSKI SK - Smederevo"]
[BlackTeam "TUTIN - Tutin"]

1. Nf3 d5 2. d4 Nf6 3. e3 Bf5 4. Bd3 Bg4 5. h3 Bh5 6. Nbd2 e6 7. c4 Be7 8. Qc2
Bg6 9. b3 O-O 10. Bb2 Bxd3 11. Qxd3 Nbd7 12. O-O c5 13. Rfd1 b6 14. Ne5 dxc4
15. Ndxc4 Qc7 16. Nxd7 Nxd7 17. Qe2 cxd4 18. Bxd4 Bf6 19. Rac1 Bxd4 20. exd4
Nf6 21. Ne5 Qb7 22. Ng4 Nd5 23. Qf3 Qa6 24. a4 Rac8 25. Ne3 Nc3 26. Rxc3 Rxc3
27. d5 exd5 28. Qxd5 Qc8 29. Nf5 Qc7 30. Qd7 Rc1 31. g4 Rxd1+ 32. Qxd1 g6 33.
Qd2 Qe5 34. Ng3 Qe6 35. b4 Re8 36. Qd4 a6 37. b5 axb5 38. axb5 Re7 39. Qd8+ Kg7
40. Qd4+ Qf6 41. Qd3 Qe5 42. Kg2 Re6 43. Qb1 Rd6 44. Qc2 Rd5 45. Qc4 Rxb5 0-1

[Event "Druga liga CS - Zapad 2018"]
[Site "?"]
[Date "2018.10.04"]
[Round "6.5"]
[White "Muminovic, Edin"]
[Black "Mijatovic, Pavle"]
[Result "1/2-1/2"]
[WhiteElo "1774"]
[BlackElo "2029"]
[PlyCount "105"]
[EventDate "2018.09.07"]
[WhiteTeam "TUTIN - Tutin"]
[BlackTeam "SMEDEREVSKI SK - Smederevo"]

1. e4 c5 2. Nf3 e6 3. c3 d5 4. exd5 exd5 5. d4 cxd4 6. Nxd4 Nf6 7. Be2 Bd6 8.
O-O O-O 9. Bg5 h6 10. Be3 Nc6 11. Nd2 a6 12. N2f3 Qc7 13. h3 Re8 14. Nh4 Bf4
15. Bxf4 Qxf4 16. Nhf3 Ne4 17. Qc1 Qf6 18. Qe3 Bd7 19. Qd3 Ne5 20. Nxe5 Rxe5
21. Qf3 Qg6 22. Rad1 Rae8 23. Rd3 Ng5 24. Qg3 Rxe2 25. Nxe2 Rxe2 26. Rxd5 Bc6
27. Rd8+ Kh7 28. Rfd1 Ne6 29. Qxg6+ Kxg6 30. R8d2 Rxd2 31. Rxd2 Kf5 32. f3 h5
33. Kf2 g5 34. b3 g4 35. hxg4+ hxg4 36. fxg4+ Kxg4 37. g3 f5 38. Rd6 Ng5 39.
Rg6 Kh5 40. Rg8 Ne4+ 41. Ke3 Nxc3 42. Kf4 Nd5+ 43. Ke5 Ne7 44. Rg7 Nd5 45. Kxf5
Ne3+ 46. Kf4 Kh6 47. Rg8 Nd5+ 48. Ke5 Ne7 49. Rg4 Bf3 50. Rc4 Kg5 51. Rc7 Ng6+
52. Kd6 Kf6 53. a3 1/2-1/2

[Event "Druga liga CS - Zapad 2018"]
[Site "?"]
[Date "2018.10.04"]
[Round "6.6"]
[White "Kolognat, Petar"]
[Black "Stojanovic, Dobrisav"]
[Result "1/2-1/2"]
[WhiteElo "2329"]
[BlackElo "2303"]
[PlyCount "38"]
[EventDate "2018.09.07"]
[WhiteTeam "KRUPANJSKI SK - Krupanj"]
[BlackTeam "PRIKO- Prijepolje"]

1. d4 Nf6 2. Nf3 d5 3. e3 c5 4. c4 cxd4 5. exd4 Nc6 6. Nc3 e6 7. Bg5 Be7 8. Bd3
a6 9. O-O dxc4 10. Bxc4 b5 11. Bb3 Na5 12. Bc2 Bb7 13. Bxf6 Bxf6 14. Be4 O-O
15. Bxb7 Nxb7 16. Ne4 Nd6 17. Qd3 Nf5 18. Rfd1 Qd5 19. a4 bxa4 1/2-1/2

[Event "Druga liga CS - Zapad 2018"]
[Site "?"]
[Date "2018.10.04"]
[Round "6.6"]
[White "Kahrovic, Mersid"]
[Black "Begus, Drasko"]
[Result "1/2-1/2"]
[WhiteElo "2221"]
[BlackElo "2269"]
[PlyCount "83"]
[EventDate "2018.09.07"]
[WhiteTeam "PRIKO- Prijepolje"]
[BlackTeam "KRUPANJSKI SK - Krupanj"]

1. e4 c5 2. Bc4 e6 3. Qe2 Nc6 4. Nf3 a6 5. d3 Be7 6. O-O Qc7 7. a3 Nf6 8. e5
Ng4 9. Re1 f6 10. exf6 Nd4 11. f7+ Kf8 12. Qd1 Nxf3+ 13. Qxf3 Qxh2+ 14. Kf1 Ne5
15. Qe4 Qh1+ 16. Ke2 Qh5+ 17. Kf1 Nxf7 18. Nc3 Qh1+ 19. Ke2 Qh4 20. Qf3 Qf6 21.
Qh5 Qe5+ 22. Qxe5 Nxe5 23. Kf1 Nc6 24. Bf4 Nd4 25. Rac1 b5 26. Ba2 Bb7 27. Ne4
Bxe4 28. Rxe4 Kf7 29. c3 Nc6 30. Rce1 Nd8 31. Bc7 Rc8 32. Bg3 Bf6 33. f3 Re8
34. Kf2 Nb7 35. f4 Nd6 36. R4e2 h5 37. Kg1 a5 38. Rf1 g6 39. Be1 Rb8 40. Bf2
Nf5 41. Rc1 Rec8 42. Kh2 1/2-1/2

[Event "Druga liga CS - Zapad 2018"]
[Site "?"]
[Date "2018.10.04"]
[Round "6.6"]
[White "Ljubinkovic, Miodrag"]
[Black "Kijanovic, Igor"]
[Result "0-1"]
[WhiteElo "2222"]
[BlackElo "2118"]
[PlyCount "88"]
[EventDate "2018.09.07"]
[WhiteTeam "KRUPANJSKI SK - Krupanj"]
[BlackTeam "PRIKO- Prijepolje"]

1. d4 Nf6 2. Nf3 d5 3. c3 Bf5 4. Qb3 Qc8 5. Bf4 e6 6. e3 Be7 7. Nbd2 O-O 8. h3
c5 9. Be2 Nbd7 10. Ne5 Nxe5 11. Bxe5 c4 12. Qd1 b5 13. a3 a5 14. g4 Be4 15. O-O
h6 16. Bxf6 Bxf6 17. Nxe4 dxe4 18. Qc2 Qc6 19. f3 Bg5 20. Kf2 f5 21. f4 Bh4+
22. Kg2 a4 23. Rad1 Rad8 24. Rd2 Kh8 25. Kh2 Qc7 26. gxf5 exf5 27. Bd1 g5 28.
Kh1 gxf4 29. exf4 Rg8 30. Rh2 Rg3 31. Rg2 Rdg8 32. Rxg3 Rxg3 33. Qh2 Kg7 34.
Bh5 Kf6 35. Be2 Qb7 36. Rg1 e3+ 37. Rg2 Qe4 38. Bf1 Qxf4 39. Rxg3 Qxf1+ 40. Rg1
Qf3+ 41. Qg2 Qxg2+ 42. Rxg2 f4 43. Rg4 e2 44. Rxf4+ Kg5 0-1

[Event "Druga liga CS - Zapad 2018"]
[Site "?"]
[Date "2018.10.04"]
[Round "6.6"]
[White "Isailovic, Goran"]
[Black "Djokic, Mihailo"]
[Result "0-1"]
[WhiteElo "2189"]
[BlackElo "2127"]
[PlyCount "68"]
[EventDate "2018.09.07"]
[WhiteTeam "KRUPANJSKI SK - Krupanj"]
[BlackTeam "PRIKO- Prijepolje"]

1. e4 c5 2. Nf3 d6 3. d4 cxd4 4. Nxd4 Nf6 5. Nc3 g6 6. Be2 Bg7 7. O-O O-O 8.
Bg5 Nc6 9. Nb3 h6 10. Bh4 Be6 11. f4 Qd7 12. Kh1 Bg4 13. h3 Bxe2 14. Qxe2 Rac8
15. Rad1 Qe6 16. Rfe1 Nd7 17. Qf3 Qc4 18. e5 g5 19. Re4 Qa6 20. fxg5 Ndxe5 21.
Qh5 hxg5 22. Bxg5 Ng6 23. Be3 Nce5 24. Nd5 f5 25. Rh4 e6 26. Nb4 Qb5 27. Qh7+
Kf7 28. Bh6 Rg8 29. Nd4 Qd7 30. Nxf5 exf5 31. Rh5 Ke6 32. Nd5 Qf7 33. Ne3 Rh8
34. Nxf5 Qxf5 0-1

[Event "Druga liga CS - Zapad 2018"]
[Site "?"]
[Date "2018.10.04"]
[Round "6.6"]
[White "Musovic, Sabrija"]
[Black "Nedeljkovic, Milivoje"]
[Result "1-0"]
[WhiteElo "2005"]
[BlackElo "2027"]
[PlyCount "108"]
[EventDate "2018.09.07"]
[WhiteTeam "PRIKO- Prijepolje"]
[BlackTeam "KRUPANJSKI SK - Krupanj"]

1. e4 c5 2. Nf3 Nc6 3. d4 cxd4 4. Nxd4 Nf6 5. Nc3 e5 6. Ndb5 d6 7. a4 a6 8. Na3
Be6 9. Bc4 Be7 10. O-O O-O 11. Bg5 Nxe4 12. Nxe4 Bxg5 13. Bxe6 fxe6 14. Qxd6
Qxd6 15. Nxd6 Be7 16. Nac4 Rab8 17. a5 Rf4 18. c3 b5 19. axb6 Bxd6 20. Nxd6
Rxb6 21. g3 Rf6 22. Nc4 Rb8 23. Rxa6 Ne7 24. Nxe5 Rxb2 25. Nd7 Rf5 26. Rxe6 Kf7
27. Rfe1 Ng6 28. R6e2 Rxe2 29. Rxe2 Rd5 30. Nb6 Rc5 31. Re3 Ne7 32. g4 g5 33.
Kg2 Ng6 34. Kg3 Nf4 35. c4 Rc6 36. Nd7 Rc7 37. Ne5+ Kf6 38. h4 h6 39. hxg5+
hxg5 40. c5 Rh7 41. f3 Rh3+ 42. Kf2 Rh2+ 43. Kg1 Rc2 44. c6 Rc1+ 45. Kf2 Rc2+
46. Kf1 Nd5 47. Nd7+ Kf7 48. Re5 Rc1+ 49. Kf2 Rc2+ 50. Ke1 Nb4 51. Rxg5 Nxc6
52. Ne5+ Kf6 53. Rf5+ Ke6 54. Nxc6 Rxc6 1-0

[Event "Druga liga CS - Zapad 2018"]
[Site "?"]
[Date "2018.10.04"]
[Round "6.6"]
[White "Radovanovic, Zoran S"]
[Black "Vizlina, Branisa"]
[Result "1-0"]
[WhiteElo "1919"]
[BlackElo "2031"]
[PlyCount "81"]
[EventDate "2018.09.07"]
[WhiteTeam "KRUPANJSKI SK - Krupanj"]
[BlackTeam "PRIKO- Prijepolje"]

1. e4 d5 2. exd5 Nf6 3. Nc3 Nxd5 4. Bc4 c6 5. d4 Bf5 6. Nf3 e6 7. O-O Nd7 8.
Re1 N7b6 9. Bd3 Bg4 10. Ne4 Be7 11. c3 O-O 12. Ng3 c5 13. dxc5 Bxc5 14. h3 Bxf3
15. Qxf3 Qf6 16. Qxf6 Nxf6 17. Bg5 Rad8 18. Rad1 Nbd5 19. Ne4 Be7 20. Bc2 Nxe4
21. Bxe7 Nexc3 22. Bxf8 Nxd1 23. Ba3 b5 24. Rxd1 Rc8 25. Bb3 b4 26. Bxd5 bxa3
27. Bb7 Rb8 28. bxa3 g6 29. Rd7 a5 30. Rc7 Kg7 31. Kf1 h5 32. Ke2 Kf6 33. Rd7
g5 34. Ke3 h4 35. a4 Rg8 36. f3 g4 37. fxg4 Rg5 38. Kd4 Kg6 39. Be4+ f5 40.
gxf5+ exf5 41. Bf3 1-0

[Event "II liga CS- zapad"]
[Site "Arandjelovac"]
[Date "2018.10.04"]
[Round "6.1"]
[White "Boskovic, Drasko"]
[Black "Pikula, Dejan"]
[Result "1/2-1/2"]
[WhiteElo "2441"]
[BlackElo "2469"]
[PlyCount "33"]
[EventDate "2018.??.??"]

1. d4 Nf6 2. Bg5 d5 3. e3 c5 4. c3 cxd4 5. exd4 Ne4 6. Bf4 Nc6 7. Nd2 Nxd2 8.
Qxd2 Bf5 9. Nf3 e6 10. Bd3 Bg6 11. Bxg6 hxg6 12. O-O Bd6 13. Rfe1 Qc7 14. Bxd6
Qxd6 15. h3 b5 16. a4 Rb8 17. axb5 1/2-1/2

[Event "II liga CS- zapad"]
[Site "Arandjelovac"]
[Date "2018.10.04"]
[Round "6.2"]
[White "Tomic, Aleksandar"]
[Black "Misailovic, Nebojsa"]
[Result "1/2-1/2"]
[WhiteElo "2293"]
[BlackElo "2362"]
[PlyCount "116"]
[EventDate "2018.??.??"]

1. c4 Nf6 2. Nc3 g6 3. e4 d6 4. d4 Bg7 5. Be2 O-O 6. Be3 e5 7. d5 Nbd7 8. b4 a5
9. a3 axb4 10. axb4 Rxa1 11. Qxa1 Nh5 12. g3 f5 13. exf5 e4 14. fxg6 hxg6 15.
Qc1 Qe7 16. Qc2 Ne5 17. Nxe4 Bf5 18. f3 Ra8 19. Kf1 Ra3 20. Bc1 Ng4 21. Bd3
Bxe4 22. Bxe4 Rc3 23. Qb1 Nhf6 24. Ne2 Nxe4 25. Nxc3 Nxc3 26. Qd3 Na2 27. Bd2
Ne5 28. Qe4 b5 29. cxb5 Qd7 30. Kg2 Qxb5 31. Ra1 Qa6 32. b5 Qa3 33. Re1 Nc3 34.
Qe3 Nxb5 35. Qxa3 Nxa3 36. Ba5 Nc2 37. Re4 Nc4 38. Bxc7 Bd4 39. Re6 N2e3+ 40.
Kh3 Nxd5 41. Bxd6 Kf7 42. Re4 Nxd6 43. Rxd4 Ke6 44. Kg4 Nf6+ 45. Kg5 Nf7+ 46.
Kxg6 Ne5+ 47. Kg7 Nxf3 48. Ra4 Ne8+ 49. Kg6 Nxh2 50. Rf4 Nd6 51. Kg5 Nf7+ 52.
Kh4 Ne5 53. Kh3 Nhf3 54. Kg2 Ng5 55. Rf8 Ngf7 56. Kh3 Ng5+ 57. Kh4 Ng6+ 58.
Kxg5 Nxf8 1/2-1/2

[Event "II liga CS- zapad"]
[Site "Arandjelovac"]
[Date "2018.10.04"]
[Round "6.3"]
[White "Lekic, Dusan"]
[Black "Brkljaca, Ante"]
[Result "1-0"]
[WhiteElo "2363"]
[BlackElo "2280"]
[PlyCount "65"]
[EventDate "2018.??.??"]

1. d4 Nf6 2. c4 e6 3. Nf3 d5 4. g3 dxc4 5. Bg2 c5 6. O-O Nc6 7. dxc5 Qxd1 8.
Rxd1 Bxc5 9. Nfd2 O-O 10. Nxc4 Bd7 11. Nc3 Rfd8 12. Bf4 Be8 13. Nd6 Bxd6 14.
Bxd6 Rd7 15. Bxc6 bxc6 16. Bc5 a6 17. Rxd7 Nxd7 18. Na4 f6 19. f4 Rb8 20. b3 h6
21. Kf2 g5 22. Rc1 Rc8 23. e4 Kf7 24. Ke3 gxf4+ 25. gxf4 Kg6 26. Bd6 Kh5 27. e5
fxe5 28. fxe5 Bg6 29. Kd4 Kh4 30. Rc3 c5+ 31. Nxc5 Nxc5 32. Bxc5 Bf5 33. Be7+
1-0

[Event "II liga CS- zapad"]
[Site "Arandjelovac"]
[Date "2018.10.04"]
[Round "6.4"]
[White "Vojinovic, Luka"]
[Black "Misojcic, Miroslav"]
[Result "1-0"]
[WhiteElo "2205"]
[BlackElo "2244"]
[PlyCount "93"]
[EventDate "2018.??.??"]

1. d4 d5 2. Nf3 Nf6 3. e3 c6 4. Bd3 e6 5. b3 Nbd7 6. O-O b6 7. Bb2 Bb7 8. Nbd2
Bd6 9. Ne5 O-O 10. f4 c5 11. Qe1 Ne4 12. Nxe4 dxe4 13. Bc4 Nf6 14. f5 exf5 15.
dxc5 Bxc5 16. Rd1 Qe7 17. Rxf5 Rad8 18. Rxd8 Qxd8 19. b4 Be7 20. Bd4 Qc8 21.
Rg5 Ne8 22. Rg3 Bf6 23. Qf1 Qc7 24. Ng4 Bxd4 25. exd4 Qd6 26. c3 Bd5 27. Ne3
Bxc4 28. Qxc4 Kh8 29. Qb5 f5 30. Rh3 f4 31. Nc4 Qe6 32. Ne5 e3 33. Qd7 Qxd7 34.
Nxd7 Rf7 35. Ne5 Rc7 36. Ng6+ Kg8 37. Nxf4 Rxc3 38. Kf1 Nd6 39. Nd5 Rd3 40. Rf3
h6 41. Nxe3 Rxd4 42. a3 Rd3 43. Nc2 Rd1+ 44. Ke2 Rg1 45. Ne1 Nb5 46. Rd3 g5 47.
a4 1-0

[Event "II liga CS- zapad"]
[Site "Arandjelovac"]
[Date "2018.10.04"]
[Round "6.5"]
[White "Pecinar, Zoran"]
[Black "Vlajkovic, Stanko"]
[Result "0-1"]
[WhiteElo "2150"]
[BlackElo "2224"]
[PlyCount "52"]
[EventDate "2018.??.??"]

1. c4 Nf6 2. Nc3 g6 3. Nf3 Bg7 4. g3 O-O 5. Bg2 c6 6. O-O d5 7. cxd5 cxd5 8. d3
Nc6 9. Bd2 d4 10. Na4 e5 11. Rc1 Re8 12. Ng5 h6 13. Rxc6 bxc6 14. Bxc6 Bd7 15.
Bxa8 Qxa8 16. Nf3 Bh3 17. Re1 e4 18. dxe4 Nxe4 19. Qc2 g5 20. Rd1 g4 21. Nh4
Bf6 22. f3 Nxd2 23. Rxd2 Bxh4 24. gxh4 gxf3 25. Kf2 fxe2 26. Rxe2 Qg2+ 0-1

[Event "II liga CS- zapad"]
[Site "Arandjelovac"]
[Date "2018.10.04"]
[Round "6.6"]
[White "Cirakovic, Ivan"]
[Black "Knezevic, Veljko"]
[Result "1/2-1/2"]
[WhiteElo "2157"]
[BlackElo "2086"]
[PlyCount "94"]
[EventDate "2018.??.??"]

1. e4 c5 2. Nc3 Nc6 3. g3 g6 4. Bg2 Bg7 5. d3 Nf6 6. Nf3 d6 7. O-O O-O 8. h3
Rb8 9. Be3 e5 10. Qd2 Nd4 11. Ne1 b5 12. Bg5 Qa5 13. f4 Nh5 14. Be7 Nxg3 15.
Rf2 Rd8 16. f5 Nc6 17. Bh4 Nh5 18. Bxd8 Qxd8 19. Nd5 Nb4 20. fxg6 hxg6 21. Nxb4
cxb4 22. Qe3 a5 23. a3 bxa3 24. Rxa3 Be6 25. Bf3 Nf4 26. Bg4 Bxg4 27. hxg4 Qh4
28. Rh2 Qxg4+ 29. Kf1 a4 30. b3 axb3 31. Rxb3 Bf6 32. Qf3 Qc8 33. Rb1 b4 34.
Rb3 Qc6 35. Rf2 Bh4 36. Rh2 Bf6 37. Rf2 Bh4 38. Rh2 Bf6 39. Rf2 Qc5 40. Ng2 Bg5
41. Ne3 Ra8 42. Rb1 Ra2 43. Nc4 Be7 44. Qe3 Qc8 45. Qf3 Qc5 46. Qe3 Qc8 47. Qf3
Qc5 1/2-1/2

[Event "II liga CS- zapad"]
[Site "Arandjelovac"]
[Date "2018.10.04"]
[Round "6.7"]
[White "Zivanic, Slobodan"]
[Black "Ivanovic, Lazar"]
[Result "0-1"]
[WhiteElo "2068"]
[BlackElo "2076"]
[PlyCount "80"]
[EventDate "2018.??.??"]

1. e4 c5 2. Nf3 g6 3. Nc3 Bg7 4. Bc4 Nc6 5. O-O d6 6. h3 Nf6 7. d3 O-O 8. a4
Bd7 9. Bg5 h6 10. Be3 Rc8 11. Qd2 Kh7 12. Nh2 e6 13. f4 Nd4 14. Nf3 Nxf3+ 15.
Rxf3 Bc6 16. Bb5 Qc7 17. Bxc6 Qxc6 18. Raf1 d5 19. exd5 Nxd5 20. Nxd5 exd5 21.
b3 f5 22. Kh1 Rfe8 23. Bf2 b6 24. Re3 Bd4 25. Rxe8 Rxe8 26. Re1 Kg7 27. Kg1 Kf7
28. Rxe8 Bxf2+ 29. Kxf2 Qxe8 30. Qe2 Qxe2+ 31. Kxe2 d4 32. Kf3 Ke6 33. g4 a6
34. Ke2 b5 35. axb5 axb5 36. Kd2 fxg4 37. hxg4 h5 38. gxh5 gxh5 39. Ke2 Kf5 40.
Kf3 h4 0-1